000 01465cam a2200361 4500
008 030325n2003 000 0 eng u
020 _a1842191438
035 _a(Sirsi) u121715
041 _aeng
050 _a657.73
_c18
100 _aChittenden, Francis
245 _aValuing intangible assets
260 _aLondon
_bRICS
_c2003
300 _a29p.
_c30cm.
490 _aRICS Plant and Machinery Faculty Research Report
520 _aThis RICS research report reviews the existing models and measurements for valuing intangible assets (IAs) from a financial perspective. Defines IAs, identifies their main characteristics, and outlines generic valuation methods. Continues by looking at specific techniques for valuing the most important IAs, highlighting their strengths and weaknesses. View at www.rics.org.
650 _aINTANGIBLE ASSETS
650 _aBUSINESS ASSETS
650 _aVALUATION TECHNIQUES
650 _aCOPYRIGHT
650 _aSOFTWARE
650 _aGOODWILL
650 _aLOCATION
650 _aTECHNOLOGY
650 _aLOCATION
650 _aHUMAN CAPITAL
690 _aPROPERTY-PROPERTY APPRAISAL AND VALUATION
700 _aMartins, Julio
710 _aRoyal Institution of Chartered Surveyors
_bPlant and Machinery Faculty
_94356
710 _aUniversity of Manchester Manchester Business School Centre for Business Research
_94528
710 _aRoyal Institution of Chartered Surveyors
_94900
942 _n0
999 _c102720
_d102720